MARC

LEADER 00000nam^a2200000^a^4500
001 000175115
005 20250521000000.0
009 20260310101554.133
037 |a Acervo ITESO - Biblioteca 
041 |a ESP 
090 |a CIN. 292 
100 |a Navarro González, Dulce Margarita  |e (autor) 
245 1 0 |a Proyecto de exportación de cuadernos Strike Isi /  |c D.M. Navarro González, C.L. Martínez Tovar, G.E. de Alba Aguirre. 
264 |a Guadalajara, México :  |b edición de autor,  |c 2005 
300 |a 1 disco compacto de computadora 
336 |a datos para computadora  |b cod  |2 rdacontenido 
337 |a computadora  |b c  |2 rdamedio 
338 |a disco de computadora  |b cd  |2 rdasoporte 
593 |a Tesis de Lic. en Comercio Internacional 
649 |a XX 
650 |a Cuadernos -  |x Industria y Comercio 
650 |a Comunicación Escrita -  |x Materiales y Equipo -  |x Industria y Comercio 
650 |a Marcas (Mercadotecnia) 
650 |a Producto (Mezcla de Mercadotecnia) 
650 |a Posicionamiento del Producto 
650 |a Comportamiento del Consumidor 
650 |a Segmentación del Mercado 
650 |a Investigación de Mercado 
650 |a Mercadotecnia 
650 |a Mercadotecnia 
650 |a Planeación Estratégica 
650 |a Administración del Producto 
650 |a Proceso Administrativo 
650 |a Industria de la Celulosa y del Papel -  |z Guadalajara, Jalisco -  |x Administración 
650 |a Industria de la Celulosa y del Papel -  |z México -  |x Administración 
650 |a Empresas Exportadoras -  |z Guadalajara, Jalisco -  |x Administración 
650 |a Empresas Exportadoras -  |z México -  |x Administración 
650 |a Comercio Exterior -  |z México 
650 |a Comercio Internacional 
650 |a Ciencias Administrativas 
700 |a Martínez Tovar, Claudia Lucía  |e (autor) 
700 |a Alba Aguirre, Grace Elizabeth  |e (autor) 
910 |a Fondo General 
920 |a Electrónicos - Tesis del ITESO en Disco 
905 |a 202 
901 |a 0500132163  |b IT2  |c STS  |u 20250521 
902 |a https://opac.biblio.iteso.mx/vufind/Record/000175115